Organizačné zabezpečenie regionálneho rozvoja cestovného ruchu na Slovensku

Zákon č. 91/2010 Z. z. o podpore cestovného ruchu, ktorého snahou je systémovo riešiť regionálny rozvoj na Slovensku. Pôsobenie klastrov cestovného ruchu a organizácií destinačného manažmentu v SR.

Saved in:
Bibliographic Details
Main Author: Michálková, Anna, 1968-
Format: Book Chapter
Language:Slovak
Subjects:
Tags: Add Tag
No Tags, Be the first to tag this record!

MARC

LEADER 00000naa a2200000 4500
001 0172121
005 20240502072942.6
041 0 |a slo 
044 |a SK 
245 1 0 |a Organizačné zabezpečenie regionálneho rozvoja cestovného ruchu na Slovensku  |c Anna Michálková 
520 |a Zákon č. 91/2010 Z. z. o podpore cestovného ruchu, ktorého snahou je systémovo riešiť regionálny rozvoj na Slovensku. Pôsobenie klastrov cestovného ruchu a organizácií destinačného manažmentu v SR. 
610 2 0 |a ruch cestovný 
610 2 0 |a klaster 
610 2 0 |a organizácia 
610 2 0 |a rozvoj regionálny 
610 2 0 |a marketing 
610 2 0 |a manažment 
610 2 0 |a kooperácia 
610 2 0 |a legislatíva 
610 2 0 |a Slovensko 
100 1 |a Michálková, Anna, 1968-